| 000 -LEADER |
| fixed length control field |
01515pam a2200349 a 4500 |
| 001 - CONTROL NUMBER |
| control field |
013370771 |
| 003 - CONTROL NUMBER IDENTIFIER |
| control field |
Uk |
| 005 - DATE AND TIME OF LATEST TRANSACTION |
| control field |
20190904094121.0 |
| 008 - FIXED-LENGTH DATA ELEMENTS--GENERAL INFORMATION |
| fixed length control field |
051121r20061973enk 000 1 eng |
| 015 ## - NATIONAL BIBLIOGRAPHY NUMBER |
| National bibliography number |
GBA610483 |
| Source |
bnb |
| 016 7# - NATIONAL BIBLIOGRAPHIC AGENCY CONTROL NUMBER |
| Record control number |
013370771 |
| Source |
Uk |
| 020 ## - INTERNATIONAL STANDARD BOOK NUMBER |
| International Standard Book Number |
9780575077331 (pbk.) : |
| 020 ## - INTERNATIONAL STANDARD BOOK NUMBER |
| International Standard Book Number |
0575077336 (pbk.) : |
| 040 ## - CATALOGING SOURCE |
| Original cataloging agency |
StDuBDS |
| Language of cataloging |
eng |
| Transcribing agency |
StDuBDS |
| Modifying agency |
Uk |
| 042 ## - AUTHENTICATION CODE |
| Authentication code |
ukblsr |
| 082 04 - DEWEY DECIMAL CLASSIFICATION NUMBER |
| Classification number |
FIC CLA |
| Edition number |
22 |
| 100 1# - MAIN ENTRY--PERSONAL NAME |
| Personal name |
Clarke, Arthur C. |
| Fuller form of name |
(Arthur Charles), |
| Dates associated with a name |
1917-2008. |
| 245 10 - TITLE STATEMENT |
| Title |
Rendezvous with Rama / |
| Statement of responsibility, etc. |
Arthur C. Clarke. |
| 260 ## - PUBLICATION, DISTRIBUTION, ETC. |
| Place of publication, distribution, etc. |
London : |
| Name of publisher, distributor, etc. |
Gollancz, |
| Date of publication, distribution, etc. |
1973 |
| Date of manufacture |
(2003 printing) |
| 300 ## - PHYSICAL DESCRIPTION |
| Extent |
252 p. ; |
| Dimensions |
20 cm. |
| 336 ## - CONTENT TYPE |
| Content type term |
text |
| Source |
rdacontent |
| 337 ## - MEDIA TYPE |
| Media type term |
unmediated |
| Source |
rdamedia |
| 338 ## - CARRIER TYPE |
| Carrier type term |
volume |
| Source |
rdacarrier |
| 490 1# - SERIES STATEMENT |
| Series statement |
SF masterworks |
| 500 ## - GENERAL NOTE |
| General note |
Formerly CIP. |
| Institution to which field applies |
Uk |
| 520 ## - SUMMARY, ETC. |
| Summary, etc. |
<br/>"The enigmatic object christened Rama was detected while still outside the orbit of Jupiter. A first radar contact at such a distance was unprecedented, indicating that Rama was of exceptional size. As it raced through the Solar System, it became apparent that Rama was a cylinder so geometrically perfect that it might have been turned on a gigantic lathe. Mankind was about to receive its first visitor from the stars"--Back cover. |
| 586 ## - AWARDS NOTE |
| Awards note |
Winner of John W Campbell Award 1974 (UK)<br/>Winner of British Science Fiction Association Award for Best Novel 1974 (UK) |
| 655 #7 - INDEX TERM--GENRE/FORM |
| Genre/form data or focus term |
Science fiction. |
| 830 #0 - SERIES ADDED ENTRY--UNIFORM TITLE |
| Uniform title |
SF masterworks. |
| 942 ## - ADDED ENTRY ELEMENTS (KOHA) |
| Source of classification or shelving scheme |
|
| Koha item type |
Books - Fiction |